000 00328pab a2200145 454500
008 180718b1999 xxu||||| |||| 00| 0 eng d
100 _aLal, A.K.
245 _aUrban planning: emerging issues
260 _c1999
300 _ap.30-38
362 _aJan-Mar
650 _aUrban planning
773 _aNagarlok
909 _a41048
999 _c41048
_d41048